Bambi (Record no. 119358)

MARC details
000 -LÍDER
campo de controle de tamanho fixo 00780 a2200229 4500
001 - NÚMERO DE CONTROLE
campo de controle 119358
020 ## - ISBN - INTERNATIONAL STANDARD BOOK NUMBER
ISBN - International Standard Book Number 9788538016731
041 ## - CÓDIGO DE IDIOMA
Código do idioma do texto/trilha sonora ou título diferente por
082 ## - CDD - CLASSIFICAÇÃO DECIMAL DE DEWEY
Número de Classificação 398.21
040 ## - FONTE DA CATALOGAÇÃO
Instituição da catalogação original BR-BrIDEA
Instituição que transcreveu o registro BR-BrIDEA
090 ## - NÚMERO DE CHAMADA LOCAL
Número de chamada (OCLC) (R); Número de chamada, CALL (RLIN) (NR) A Year 2 398
Número Cutter local (OCLC); Número de classificação do livro, CALL (RLIN) BAM
245 10 - TÍTULO
Título Bambi
250 ## - EDIÇÃO
Edição 1.ed.
260 ## - PUBLICAÇÃO, DISTRIBUIÇÃO, ETC.
Local de publicação, distribuição, etc. São Paulo
Nome do editor, distribuidor, etc. Ciranda Cultural
Data da publicação, distribuição, etc. 2010
300 ## - DESCRIÇÃO FÍSICA
Extensão 16 p.
Outros detalhes físicos il.color
Material de acompanhamento 28 x 21.6 x 0.4 cm
520 ## - NOTA DE RESUMO, ETC
Resumo, etc. Quando Bambi nasceu, foi um maravilhoso acontecimento. Todos os animais ficaram animados. Bambi e sua mãe viviam muito felizes. Porém, um dia, os caçadores apareceram e tudo mudou. Leia este belo conto clássico e emocione-se a cada página.
521 ## - NOTA DO PÚBLICO ALVO
Nota de público alvo Year 2
697 ## - ENTRADA DE ASSUNTO LOCAL--ENTIDADE COLETIVA (RLIN)
Nome corporativo ou nome da jurisdição Literatura infantojuvenil
697 ## - ENTRADA DE ASSUNTO LOCAL--ENTIDADE COLETIVA (RLIN)
Nome corporativo ou nome da jurisdição Conto de fadas.
856 ## - LOCALIZAÇÃO ELETRÔNICA E ACESSO
Uniform Resource Identifier <a href="000035/00003524.jpg">000035/00003524.jpg</a>
942 ## - ELEMENTOS DE ENTRADA ADICIONADOS (KOHA)
Tipo de material Koha Livros
Holdings
Situação do descarte Situação das perdas Fonte da classificação ou esquema de arquivamento na estante Situação física Não pode ser emprestado Biblioteca de origem Biblioteca atual Data de aquisição Total de empréstimos Número de chamada completo Código de barras Data de último acesso Data do preço efetivo Tipo de material Koha
    Classificação Decimal de Dewey     ECB - ÁGUAS CLARAS ECB - ÁGUAS CLARAS 06/06/2023   A Year 2 398 BAM 00062110AGC 23/01/2024 23/01/2024 Livros